000 00754nam a2200181Ia 4500
008 100920s9999 xx 000 0 und d
082 _b105308
_a891.43 न 08
100 _aराठौड किशनसिंह.
245 _aआदर्श मातृ-पितृ भक्त श्रवणकुमार.
260 _bराजस्थानी ग्रंथागार जोधपुर.
_c2008
300 _a127
_bसाधी
365 _b150
520 _aहिंदी.
630 _aआदर्श मातृ-पितृ भक्त श्रवणकुमार.
650 _aहिंदी.
730 _aआदर्श मातृ-पितृ भक्त श्रवणकुमार.
942 _cBOOK
999 _c745739
_d745736